000 00379nam a2200157Ia 4500
003 OSt
005 20240208160847.0
008 170524s9999 xx 000 0 und d
020 _a9788122433494
040 _cIIMT
100 _aMudambi- Sumati R.
245 0 _aFundamentals of Food- Nutrition and Diet Therapy
260 _bNew Delhi : PHI
260 _c2007
942 _2ddc
_c02
999 _c7536
_d7536